武田二十四将 - Statistics

General Stats
  • This quiz has been taken 14 times
  • The average score is 12 of 35
Answer Stats
死因 名前 % Correct
病死 高坂昌信
83%
病死 武藤喜兵衛(真田昌幸)
83%
戦死 馬場信春
75%
戦死 穴山信君
67%
自害 飯富虎昌
67%
病死 真田幸隆
67%
病死 原虎胤
67%
戦死 山県昌景
67%
刑死 小山田信茂
58%
戦死 武田信繁
58%
戦死 内藤昌豊
58%
刑死 秋山信友
50%
戦死 板垣信方
50%
戦死 真田信綱
50%
自害 武田勝頼
50%
戦死 甘利虎泰
42%
戦死 真田昌輝
42%
戦死 原昌胤
33%
戦死 山本勘助
33%
戦死 武田信廉
25%
戦死 一条信龍
17%
戦死 土屋昌次
17%
戦死 横田高松
8%
病死 小幡信貞
8%
戦死 諸角虎定
8%
病死 甘利信忠
0%
病死 小幡虎盛
0%
病死 小幡昌盛
0%
戦死 三枝守友
0%
不詳 曽根昌世
0%
病死 多田満頼
0%
戦死 小原広勝
0%
不詳 小山田昌辰
0%
不詳 栗原信盛
0%
不詳 曽根昌清
0%
No matching quizzes found
Score Distribution
Percent of People with Each Score
Percentile by Number Answered
Your Score History
You have not taken this quiz